| 000 | 00638nam a2200181 a 4500 | ||
|---|---|---|---|
| 001 | 000044173 | ||
| 005 | 20240314175049.0 | ||
| 008 | 140603s2010 dr ac 000 0 spa d | ||
| 040 |
_aDO-SdBNP _bspa _cBNPHU |
||
| 082 |
_axxxx _bxxxx |
||
| 100 | 1 |
_aLockward, Angel, _911034 |
|
| 245 | 1 | 0 |
_aHaití : _bla tragedia / _cÁngel Lockward ; prólogo Diana Uribe. |
| 260 |
_aBogotá : _bCangrejo Editores, _c2010. |
||
| 300 |
_a188 p. : _bil., retrs. ; _c24 cm. |
||
| 500 | _aIncluye datos biográficos del autor en la solapa | ||
| 504 | _aIncluye referencias bibliográficas y notas al pie de las páginas | ||
| 700 | 1 | 2 |
_aUribe, Diana _epról. _972177 |
| 999 |
_c43662 _d43662 |
||